000
00230nmm a2200085Ia 4500
008
220120s9999||||xx |||||||||||||||||und||
100
_a
kumar, sanjay
_9
11314
245
0
_a
Communication Skills
260
_a
Coorg institute of technology
999
_c
140104
_d
140104